00741nam a22002177a 450000500170000001000150001702000260003203500140005803700090007208200110008110000250009224500570011725000060017426000440018027000760022430000200030076000100032094200220033099900190035295201520037120250731123736.0 aENG-146251 c250.00a9789392151187 aEN-129783 bDBAD a65821 aBanumathy, K.983552 aBusiness Organization and Mangement/cK. Banumathy,  a1 aTamil NadubFirst Book Publishingc2025 bTamil Nadua61, 66 T. P. K. Main Road, Vasantha Nagar, Madurai,e625003 a152p.c22cm(pb) bFirst 2ddccENh658mBAN c212766d212766 001040718NFICaBNbBNd2025-07-31eDelivery of Books Act Divisiong250.00l0o658 BANpEN-129783r2025-07-31 00:00:00t1v250.00w2025-07-31yEN